Sondeo de opinión del Observatorio Político Autonómico, 2003 /

Este documento contiene los datos de cuatro barómetros regionales que realizan la Universidad Autónoma de Barcelona (a través del ICPS), la Universidad de Granada, la Universidad del País Vasco y la Universidad de Santiago de Compostela que toman forma conjunta como Observatorio Político Autonómico...

詳細記述

保存先:
書誌詳細
共著者: Universidad Autonoma de Barcelona, Universidad de Granada Universidad del País Vasco Universidad de Santiago de Compostela
フォーマット: テキスト
出版事項: Barcelona: Instituto de Ciencias Políticas y Sociales
主題:
タグ: タグ追加
タグなし, このレコードへの初めてのタグを付けませんか!

MARC

LEADER 00000 a a2200000 04500
001 32858
003
040
020 |a 688-6857-2  
090 |a 204900  
110 |a Universidad Autonoma de Barcelona  
245 |a Sondeo de opinión del Observatorio Político Autonómico, 2003 /  |c Universidad Autonoma de Barcelona  
260 |a Barcelona:   |b Instituto de Ciencias Políticas y Sociales  
300 |a 91 p.  
520 |a Este documento contiene los datos de cuatro barómetros regionales que realizan la Universidad Autónoma de Barcelona (a través del ICPS), la Universidad de Granada, la Universidad del País Vasco y la Universidad de Santiago de Compostela que toman forma conjunta como Observatorio Político Autonómico (OPA) para su difusión y estudio comparativo. El contenido gira alrededor de temas básicos con respecto al sistema político, partidos políticos, líderes políticos y política en general  
650 |a COMPORTAMIENTO POLITICO  
650 |a ENCUESTAS DE OPINION PUBLICA  
650 |a SISTEMAS POLITICOS  
650 |a POLITICOS  
650 |a OPINION PUBLICA  
650 |a ESPAÑA  
710 |a Universidad de Granada   |a Universidad del País Vasco   |a Universidad de Santiago de Compostela  
999 |c 1838  |d 1838